000 01333nam a2200241 4500
008 171205b xxu||||| |||| 00| 0 eng d
020 _a0130304557
082 _22003
_aDC 610.73
_bH67n
100 _924071
_aHogan, Mary Ann,author.
245 _aNursing fundamentals : reviews & rationales /
_cMary Ann Hogan, Donna Bowles, Judy E. White.
260 _aUpper Saddle River, N.J. :
_bPrentice Hall,
_c ©2003.
300 _axvii, 364 pages :
_billustrations ;
_c25 cm.
440 _924072
_aPrentice Hall nursing reviews & rationales.
500 _aIncludes bibliographical references and index.
505 _aThe nursing process -- Overview of health assessment -- Overview of communication -- Overview of professional standards -- Health promotion throughout the lifespan -- Overview of skills necessary for safe practice -- Meeting basic human needs -- Meeting the needs of the client with pain -- Meeting the needs of the perioperative client -- Overview of clients with special needs -- Administering medications and intravenous fluids.
650 0 _924076
_aNursing
_xOutlines, syllabi, etc.
650 0 _924078
_aNursing Process.
650 0 _924080
_aNursing Assessment
_xmethods.
700 _924081
_aBowles, Donna, author.
700 _924082
_aWhite, Judy E.,author.
365 _b2,000.00
_cPhp
942 _2ddc
_cDC
999 _c7885
_d7885